| 000 | 00443cam a2200169Ia 4500 | ||
|---|---|---|---|
| 020 | _a0803967535 | ||
| 040 | _cINC. | ||
| 082 | _a370 COR 1998 A020 Or. | ||
| 100 | 1 | _aSousa, David A | |
| 245 | 1 | 0 | _aLearning manual for How the brain learns / |
| 260 |
_aThousand Oaks, Calif. : _bCorwin Press, _cc1998 |
||
| 300 |
_avii, 76 p. : _bill. ; _c28 cm |
||
| 650 | 0 | _aLearning | |
| 650 | 0 | _aLearning, Psychology of | |
| 650 | 0 | _aBrain | |
| 942 | _cEK | ||
| 999 |
_c12424 _d12424 |
||